000 00660nam a22001937a 4500
999 _c19329
_d19329
003 BDDh-ASL
005 20231015025756.0
008 201123s2010 b ||||| |||| 00| 0 b d
040 _aBDDh-ASL
_cBDDh-ASL
041 _aben
082 _a891.44
_bCHB
100 1 _92210
_aচাকী, জ্যোতিভূষণ
245 1 0 _aবাগর্থকৌতুকী
246 _aBagarthakoutuki
260 _aকলকাতা:
_bআনন্দ পাবলিশার্স,
_c২০১০.
300 _aপৃ. ১৬০:
_c২২ সে.মি.।
650 0 _91556
_aবাংলা সাহিত্য
_xকৌতুক
942 _2ddc
_cBK